| Registos Bibliográficos associados ao registo de autoridade |
|
Etiqueta de registo: 00840cem 022002291 04500 001 280115 003 http://id.bnportugal.gov.pt/bib/catbnp/280115 005 20020430145600.0 095 ## $aPTBN00291299 100 ## $a19951218f18151830m y0pora0103 ba 101 0# $apor 200 0# $aStatistica historico-geográfica do reino de Portugal$bMaterial cartográfico$fJoaquim Pedro Cardoso Casado Giraldes$gdedicada ao Illmo. e Exmo. Senhor Tenente General Florencio Joze Corrêa de Mello 210 #9 $a[Paris$cs.n.,$dca 1815] 215 ## $a3 f. texto, 1 f. texto e mapa, 1 f. mapa$cgrav., color.$d58 cm 306 ## $aData de publicação atribuida de acordo com a data mais recente mencionada na obra
e com a nomeação de Florêncio José de Correia e Melo para governador geral da Madeira 481 #1 $10011082735$tNova carta militar do Reyno de Portugal -com estradas, montanhas e rios$5BN : C.A. 37 A. 481 #1 $10011082716$tMappa geographico do Reino de Portugal$aGeraldes, Joaquim Pedro Cardoso Casado, fl. 1809-1845 518 1# $aEstatística histórico-geográfica do reino de Portugal 675 ## $a946.9(084.4)$vBN$zpor$3447639 675 ## $a914.69(084.4)$vBN$zpor$3305944 675 ## $a912"18"(084.4)$vBN$zpor$3338753 700 #1 $aGeraldes,$bJoaquim Pedro Cardoso Casado,$ffl. 1809-1845$4070$384306 702 #1 $aMelo,$bFlorêncio José Correia de,$f1755-1822$4280$3447640 801 #0 $aPT$bBN$gRPC 966 ## $lBN$mCARTOG$sC.A. 37 A. 997 ## $aBIBEOD
Etiqueta de registo: 00254nbm 2200025 450 001 2119312 003 http://id.bnportugal.gov.pt/bib/catbnp/2119312 100 ## $a20221226d1816 k y0pory01030103ba 101 0# $apor 102 ## $aGB 105 ## $ay z 000yy 106 ## $ah 200 1# $a [ Carta para Florêncio José Correia de Melo sobre a receção do ofício relativo aos
desembolsos feitos pela Junta da Real Fazenda]$bManuscrito] 210 #1 $aLondres,$d7 de Maio de 1816 215 ## $a[1] f.$d32 cm 300 ## $aCópia 307 ## $aReclamos 620 ## $dLondres 702 #1 $aMelo,$bFlorêncio José Correia de,$f1755-1822$4660$3447640 801 #0 $aPT$bBN$gRPC 966 ## $lBN$mRESMAN$sMSS. 76, n. 1, doc. 21 971 ## $ccatias$d20221226 997 ## $aBIBEO
Etiqueta de registo: 00254nbm 2200025 450 001 2119793 003 http://id.bnportugal.gov.pt/bib/catbnp/2119793 100 ## $a20220103d1816 k y0pory01030103ba 101 0# $apor 102 ## $aGB 105 ## $ay z 000yy 106 ## $ah 200 1# $a [ Carta para Florêncio José Correia de Melo pedindo o envio da carta inclusa para
Aires Pinto de Sousa]$bManuscrito] 210 #1 $aLondres,$d11 de Janeiro de 1816 215 ## $a[1] f.$d33 cm 300 ## $aCópia 620 ## $dLondres 702 #1 $aMelo,$bFlorêncio José Correia de,$f1755-1822$4660$3447640 801 #0 $aPT$bBN$gRPC 966 ## $lBN$mRESMAN$sMSS. 76, n. 1, doc. 57 971 ## $ccatias$d20230103 997 ## $aBIBEO
Etiqueta de registo: 00254nbm 2200025 450 001 2119767 003 http://id.bnportugal.gov.pt/bib/catbnp/2119767 100 ## $a20230103d1816 k y0pory01030103ba 101 0# $apor 102 ## $aGB 105 ## $ay z 000yy 106 ## $ah 200 1# $a [ Carta para Florêncio José Correia de Melo acusando a receção do seu ofício acerca
do pagamento da dívida]$bManuscrito] 210 #1 $aLondres,$d6 de Fevereiro de 1816 215 ## $a[1] f.$d32 cm 300 ## $aCópia 307 ## $aManuscrito rasurado com emendas interlineares 307 ## $aReclamos 620 ## $dLondres 702 #1 $aMelo,$bFlorêncio José Correia de,$f1755-1822$4660$3447640 801 #0 $aPT$bBN$gRPC 966 ## $lBN$mRESMAN$sMSS. 76, n. 1, doc. 55 971 ## $ccatias$d20230103 997 ## $aBIBEO
Etiqueta de registo: 00254nbm 2200025 450 001 2119864 003 http://id.bnportugal.gov.pt/bib/catbnp/2119864 100 ## $a20230104d1815 k y0pory01030103ba 101 0# $apor 102 ## $aGB 105 ## $ay z 000yy 106 ## $ah 200 1# $a [ Carta para Florêncio José Correia de Melo sobre a provisão inclusa dirigida à junta
da Real Fazenda da capitania da ilha da Madeira, relativa à remessa de fendimentos
destinados ao pagamento do empréstimo contraído em Londres]$bManuscrito] 210 #1 $aLondres,$d9 de Outubro de 1815 215 ## $a[1] f.$d34 cm 300 ## $aCópia 307 ## $aManuscrito rasurado com emendas interlineares 620 ## $dLondres 702 #1 $aMelo,$bFlorêncio José Correia de,$f1755-1822$4660$3447640 801 #0 $aPT$bBN$gRPC 966 ## $lBN$mRESMAN$sMSS. 76, n. 1, doc. 62 971 ## $ccatias$d20230104 997 ## $aBIBEO
Etiqueta de registo: 00254nbm 2200025 450 001 2119850 003 http://id.bnportugal.gov.pt/bib/catbnp/2119850 100 ## $a20230104d1815 k y0pory01030103ba 101 0# $apor 102 ## $aGB 105 ## $ay z 000yy 106 ## $ah 200 1# $a [ Carta para Florêncio José Correia de Melo sobre a fiança correspondente às quatro
mesadas adiantadas aos negociantes pela junta da Fazenda Real]$bManuscrito] 210 #1 $aLondres,$d14 de Dezembro de 1815 215 ## $a[1] f.$d34 cm 300 ## $aCópia 307 ## $aReclamos 620 ## $dLondres 702 #1 $aMelo,$bFlorêncio José Correia de,$f1755-1822$4660$3447640 801 #0 $aPT$bBN$gRPC 966 ## $lBN$mRESMAN$sMSS. 76, n. 1, doc. 59 971 ## $ccatias$d20230104 997 ## $aBIBEO
Etiqueta de registo: 00000nbm 2200025 450 001 2221860 003 http://id.bnportugal.gov.pt/bib/catbnp/2221860 100 ## $a20250730j17971827k y0pory01030103ba 101 0# $apor 102 ## $aPT$aBR 105 ## $ay z 000yy 106 ## $ah 200 1# $a [ Documentos de D. Miguel Pereira Forjaz Coutinho, nos quais se incluem cartas régias
de nomeação e correspondência] 210 #1 $aLisboa;$aRio de Janeiro,$d1797-1827 215 ## $a[2], [146] f. (21 documentos)$cpergaminho; papel$d33 cm 300 ## $aOriginais, a maioria dos quais assinados e com selo, e cópias assinadas, a maioria
das quais certificada com sinal raso de tabelião 307 ## $aSelo de chapa pendente em fita de seda rosa/ laranja 307 ## $aSuporte manchado por humidade, com algum repassamento de tinta ferrogálica, e danos
por acção de insectos 316 ## $aCota antiga: ALB/Av. Roma/Pacote 94/N.º 131-132/Cx. 94 A 317 ## $aIntegra o Arquivo de Família Almada e Lencastre Bastos adquirido pela BNL, aos herdeiros,
em 1974 321 1# $aDescrito em: Gago, Alice João Palma Borges - Arquivos e práticas arquivísticas de
famílias de elite : (Portugal, séculos XV-XVII). Lisboa : [s.n.], 2019. 3 vol. Tese
dout. História (Arquivística Histórica), Fac. de Ciências Sociais e Humanas 327 11 $a21 documentos, dos quais 1 é um pergaminho$aCópia da carta régia de nomeação (1787) de D. Miguel Pereira Forjaz como alferes da
5.ª Companhia do Regimento de Infantaria da Praça de Peniche, 1800 (ALB/ROMA/31341)$aCópia da carta régia de nomeação de D. Miguel Pereira Forjaz (1791) como capitão graduado
da 5.ª Companhia do Regimento de Infantaria da Praça de Peniche, 1800 (ALB/ROMA/31342)$aCópia da carta régia de nomeação de D. Miguel Pereira Forjaz (1793) como capitão da
10.ª Companhia do Regimento de Infantaria da Praça de Peniche, 1800 (ALB/ROMA/31343)$aCópia da carta de nomeação (1793) de D. Miguel Pereira Forjaz como sargento-mor graduado
na Companhia do Regimento de Infantaria de Peniche, 1800 (ALB/ROMA/31344)$aCópia da carta de nomeação (1794) de D. Miguel Pereira Forjaz como sargento-mor do
Regimento de Infantaria da Praça de Serpa, 1800 (ALB/ROMA/31345)$aCópia da carta de nomeação (1796) de D. Miguel Pereira Forjaz como tenente-coronel
do 2º Regimento de Infantaria do Porto (na sequência da sua participação na campanha
do Rossilhão), 1800 (ALB/ROMA/31346)$aCópia da carta de nomeação (1798) de D. Miguel Pereira Forjaz como coronel agregado
ao Regimento de Infantaria de Cascais, 1800 (ALB/ROMA/31347)$aCarta régia de nomeação de D. Miguel Pereira Forjaz como inspector-geral dos Regimentos
de Milícias do Reino, 1806 (ALB/ROMA/31348)$aCarta régia de nomeação de D. Miguel Pereira Forjaz como brigadeiro do exército português,
1807 (ALB/ROMA/31349)$aCarta régia de nomeação de D. Miguel Pereira Forjaz como marechal de campo do exército
português, 1810 (ALB/ROMA/31350)$aCarta régia de nomeação de D. Miguel Pereira Forjaz como tenente-general do exército
português, 1823 (ALB/ROMA/31351)$aCópia da carta de assentamento (1787) de D. Miguel Pereira Forjaz como soldado de
praça da 5.ª Companhia do Regimento de Infantaria da Praça de Peniche (faz a descrição
física de D. Miguel: tinha 17 anos, altura de 5 pés e 3 polegadas, cabelos castanhos
e olhos pardos), 1800 (ALB/ROMA/31352)$aCarta régia de nomeação de D. Miguel Pereira Forjaz como marechal de campo do exército
português, assinada pelo marquês das Minas, por Francisco da Cunha Meneses, e por
Francisco Xavier de Noronha, 1808 (ALB/ROMA/31353)$aCópia da carta régia de nomeação (1825) de D. Miguel Pereira Forjaz como conselheiro
do Conselho de Guerra, junto com carta de Pedro Teles de Melo a D. Miguel Pereira
Forjaz, indicando que enviava cópia da nomeação como conselheiro de guerra, 1825 (ALB/ROMA/31354-31355)$aCarta régia a D. Miguel Pereira Forjaz, promovendo-o a Grão-Cruz da Ordem de Sant'Iago
da Espada na comenda que tem na Ordem de São Bento de Avis, 1812 (ALB/ROMA/31356)$aCarta régia de nomeação de D. Miguel Pereira Forjaz, governador e capitão-general
da capitania do Grão-Pará, como conselheiro do rei, 1800 (ALB/ROMA/31357)$aLicença régia a D. Miguel Pereira Forjaz para usar o hábito da Ordem de Cristo, como
comendador da Comenda de São Bartolomeu do Arrabal, 1798 (ALB/ROMA/31358)$aCarta de Florêncio José Correia de Melo a D. Miguel Pereira Forjaz, 1797 (ALB/ROMA/31359)$aCarta do duque de Lafões em nome da rainha, D. Maria I, a D. Miguel Pereira Forjaz,
1798 (ALB/ROMA/31360)$aCópia de cartas de mercê a D. Miguel Pereira Forjaz, desde 1778 até 1827, 1827 (ALB/ROMA/31361) 701 #1 $aMelo,$bPedro Teles de,$ffl. 1825-1826$4070$31897707 701 #1 $aMelo,$bFlorêncio José Correia de,$f1755-1822$4070$3447640 701 #0 $aLafões,$c2º Duque de,$f1719-1806$4070$31096423 702 #1 $aForjaz,$bMiguel Pereira,$f1769-1827$4060$31271840 702 #1 $aForjaz,$bMiguel Pereira,$f1769-1827$4660$31271840 711 01 $aPortugal,$bPríncipe Regente,$c1799-1816 (João VI)$4070$31839840 711 01 $aPortugal,$bPríncipe Regente,$c1799-1816 (João VI)$4070$31839840 711 01 $aPortugal.$bRainha,$f1777-1815 (Maria I)$4070$3284866 722 ## $aFamília Almada e Lencastre Bastos$4390$31877471 801 #0 $aPT$bBN$gRPC 966 ## $lBN$mRESARQ$sALB/ROMA/31341-31361$x2 971 ## $d2024PRRARQ 972 ## $e2$z0$d20250801$vanacris
Etiqueta de registo: 00254nbm 2200025 450 001 2283802 003 http://id.bnportugal.gov.pt/bib/catbnp/2283802 100 ## $a20260407f1816 k y0pory01030103ba 101 0# $apor$aesp$afre$aeng 102 ## $aPT 105 ## $ay z 000yy 106 ## $ah 200 1# $a [ Documentos referentes a assuntos económicos, diplomáticos, eclesiásticos e judiciais,
entre outros, relativos aos séculos XVII, XVIII e XIX]$bManuscrito] 210 #1 $d[Depois de 1816] 215 ## $a221 f., enc.$d36 cm 300 ## $aCópias e originais 304 ## $aIntegra um conjunto de 3 códices com o título "Mescellanea", com características e
tipologias semelhantes (COD. 6939-COD. 6941) 304 ## $aTexto em português, espanhol, francês e inglês 307 ## $aMuito mau estado: alguns f. deteriorados na margem inferior direita; manchado pela
ação da tinta ferrogálica, encadernação solta 307 ## $aEncadernação, intervencionada, em pastas de cartão revestida a papel marmoreado; lombada
e cantos em pele castanha gravada a ouro; título a ouro sobre rótulo preto 316 ## $aCota antiga: U-5-19 327 11 $aEntre outros: "Memoria sobre o estabelecimento do Erario Regio, sua organização e
estado actual" datada de Lisboa, 1 de Dezembro de 1807 ([f. 1-5])$a"Mappa das Rendas de Portugal, ao qual se segue a exposição de cada huma, e forma
da sua arrecadação" ([f. 6-37])$a"Notas sobre o projecto de cunhar huma nova moeda de bronze, com o valor representativo
igual ao intrinseco" ([f. 38-40])$aCartas de Florêncio José Correia de Mello a Cipriano Ribeiro Freire, e ao Conde do
Funchal, sobre assuntos referentes à Real Fazenda, datadas de 1815 e 1816 (f. 42-51])$a"Pregões dos quatro degolados em 29 de Agosto de 1641" refere-se aos conjurados: Marquês
de Vila Real (Dom Luís de Noronha), Duque de Caminha ( Dom Miguel de Noronha), Conde
de Armamar (Rui de Matos da Nevoa) e Dom Agostinho Manuel; inclui desenho à pena com
a representação da execução e descrição do local ([f. 56-57])$a"Copia da Carta qua a Rainha N[oss] S[enho]ra mandou ao Excelentíssimo Bispo de Coimbra",
"escrita no Palácio de Queluz em 7 de Julho de 1777" ([f. 58])$a"Discurso Apologético sobre hua Pastoral, q[ue] o Il[ustríssi]mo Bispo de Pistoya,
do Duc[a]do de Florença, fez publicar no seu Bisp[a]do, oppondo-se ao novo culto do
... coração de Jezus; cuja noticia, e paragrafos da d[it]a Pastoral se achão incertos
no Mercurio Historico do mez de Abril do prez[ent]e anno de 1782, impresso em Madrid,
e traduz[i]dos nesta reposta, feita por J. E. da S. G. Presbitero Secular" ([f. 59-63])$aCertidão de "Juan del Bustos" e outros documentos referentes à fragata Cantábria,
que saiu de Montevideo em 30 de Agosto, com destino à Corunha, e que naufragou no
dia 11 de Outubro de 1802 ([f. 64-71])$aRequerimento de Francisco Paliart sobre situação de Timóteo Lecussan Verdier e a Real
Fábrica de Fiação de Tomar ([f. 84-85])$a"Resposta a Fran[cis]co Palyart em nome de Tinotheo Lécussan Verdier provando a falsidade
do seu req[uerimen]to" ([f.86-90])$a"Respuesta que dio el Doctôr Salazar a Filipe 2. d'Espana, siendo consultado sobre
las cosas de Portugal." ([f. 93-94])$a"Carta de Francisco de Pina e Mello, ao S[enh]or da Trofa", datada de Montemor o Velho
22 de Maio de 1728 ([f. 95-97])$aCarta de Josef Felipe Nuñez, Capitão do bergantim português Santa Ana, datada de 3
de Abril de 1803, relatando a viagem desde a partida do Rio de Janeiro, com destino
a Lisboa e escala na Ilha do Faial ([f.102-106])$a"Aviso de Roma, sobre certos judeus portuguese, q[ue] p[ar]a lá foram fugidos" ([f.
107])$a"Copie de la Depeche du Marques de Pombal à l' Ambassadeur du roi Tresfidelle à ...
de Madrid -du 4 Decembre 1775" ([f. 127-128])$a"Entrada dos grãos em Portugal ou Terreiro." (1744-1791) ([f. 129-161])$a"Memorias relativas à Russia" (1773-1787) ([f.162-$aRequerimento de Henrique Fernando Wagner sobre apoio na resolução da sua situação
económica ([f. 208-210])$a"Tratado de Paz perpetua, Amizade, e Commercio entre Portugal e a Porta Ottomana"
([f.211-219])$aDois impressos catalogados individualmente ([f. 52-53]) 516 1# $aMiscelânea 701 #1 $aMelo,$bFlorêncio José Correia de,$f1755-1822$4070$3447640 701 #1 $aFreire,$bCipriano Ribeiro,$f1749-1824$4070$3101699 701 #1 $aVerdier,$bTimóteo Lecussan,$f1752-1831$4070$357459 711 01 $aPortugal.$bRainha,$f1777-1815 (Maria I)$4070$3284866 801 #0 $aPT$bBN$gRPC 966 ## $lBN$mRESMAN$sCOD. 6939 971 ## $cmrosario$d20260410
|
|
|